[Event "Czech Open A 2013"]
[Site "Pardubice CZE"]
[Date "2013.07.22"]
[Round "4.33"]
[White "Kovalev,An"]
[Black "Dauth,B"]
[Result "1-0"]
[WhiteElo "2470"]
[BlackElo "2349"]
[EventDate "2013.07.19"]

1. e4 e5 2. Nf3 Nc6 3. Bc4 Nf6 4. d3 h6 5. O-O d6 6. c3 Be7 7. Re1 O-O 8. h3 Nh7
9. Be3 Be6 10. Bxe6 fxe6 11. Qb3 Qd7 12. Qxb7 Rab8 13. Qa6 Rxb2 14. Nbd2 d5 15.
Qa4 d4 16. Nc4 dxe3 17. Nxb2 exf2+ 18. Kxf2 Bh4+ 19. Ke2 Bxe1 20. Rxe1 Rb8 21.
Qc2 Nf8 22. Nc4 Ng6 23. g3 Rb5 24. h4 Na5 25. h5 Nf8 26. a4 Rc5 27. Ncxe5 Qe8
28. d4 Rxe5 29. Nxe5 Qxh5+ 30. Kd3 Ng6 31. Nxg6 Qxg6 32. Qf2 Qe8 33. Qb2 Qxa4
34. Ra1 Qc4+ 35. Ke3 Nc6 36. Kd2 Kh7 37. Qa2 Qb5 38. e5 Nxe5 39. dxe5 Qxe5 40.
Qc2+ g6 41. Qd3 h5 42. Rxa7 Qc5 43. Qd7+ Kh6 44. Qd4 Qc6 45. Qh8+ Kg5 46. Qe5+
Kg4 47. Rxc7 Qg2+ 48. Qe2+ Kxg3 49. Qxg2+ 1-0

[Event "Czech Open A 2013"]
[Site "Pardubice CZE"]
[Date "2013.07.22"]
[Round "4.34"]
[White "Cerveny,M"]
[Black "Richter,Mic"]
[Result "0-1"]
[WhiteElo "2357"]
[BlackElo "2470"]
[EventDate "2013.07.19"]

1. d4 d5 2. c4 c6 3. e3 e6 4. Nc3 Bd6 5. Nf3 f5 6. Bd3 Nf6 7. Qc2 Ne4 8. a3 O-O
9. Ne2 Nd7 10. b3 Qf6 11. Bb2 Rb8 12. O-O b6 13. c5 Bc7 14. cxb6 Rxb6 15. a4 a5
16. b4 Rxb4 17. Ba3 Bb7 18. Bxb4 axb4 19. a5 g5 20. a6 Ba8 21. Nd2 e5 22. f3
Nxd2 23. Qxd2 Qd6 24. g3 c5 25. dxc5 Nxc5 26. Rfb1 Nxd3 27. Qxd3 Bb6 28. Kf1 e4
29. Qd2 exf3 30. Nd4 f4 31. exf4 gxf4 32. Rxb4 Bc5 33. Rba4 Qh6 34. g4 Qh3+ 35.
Kg1 Re8 36. Qf2 Re2 37. R1a2 Qxg4+ 38. Kf1 Qh3+ 39. Kg1 Qg4+ 40. Kf1 Rxf2+ 41.
Rxf2 Qd7 42. Rfa2 Qh3+ 43. Ke1 f2+ 44. Rxf2 Bxd4 45. Rxd4 Qe3+ 46. Re2 Qg1+ 0-1

[Event "Czech Open A 2013"]
[Site "Pardubice CZE"]
[Date "2013.07.22"]
[Round "4.35"]
[White "Gutenev,A"]
[Black "Breder,D"]
[Result "1/2-1/2"]
[WhiteElo "2350"]
[BlackElo "2465"]
[EventDate "2013.07.19"]

1. e4 e6 2. d4 d5 3. Nd2 c5 4. Ngf3 cxd4 5. Nxd4 Nf6 6. exd5 Nxd5 7. N2f3 Bb4+
8. Bd2 O-O 9. c3 Bc5 10. Nb3 Be7 11. Bd3 Nc6 12. Qe2 Qc7 13. O-O Rd8 14. Rfe1
Nf4 15. Bxf4 Qxf4 16. Be4 Bd7 17. Rad1 Be8 18. Nbd4 Nxd4 19. cxd4 Bb4 20. Rf1
Rab8 21. d5 exd5 22. Bxd5 Bd6 23. Rd4 Qf6 24. Rfd1 g6 25. Qe4 b6 26. h3 a5 27.
a3 Kg7 28. Kh1 Qe7 29. Qc2 Rbc8 30. Qd2 Bc5 31. Rh4 h5 32. b4 axb4 33. axb4 Bd6
34. Qd4+ Qf6 35. Qxb6 Rb8 36. Qd4 Rxb4 37. Qxf6+ Kxf6 38. Rxb4 Bxb4 39. Bb3 Rb8
40. Kg1 Bc5 41. Ba2 Rb4 42. Rd2 Ra4 43. g3 Bb4 44. Rd4 Bc5 45. Rxa4 Bxa4 46. Bd5
Bd7 1/2-1/2

[Event "Czech Open A 2013"]
[Site "Pardubice CZE"]
[Date "2013.07.22"]
[Round "4.36"]
[White "Krapivin,Vl"]
[Black "Fernando,D"]
[Result "0-1"]
[WhiteElo "2340"]
[BlackElo "2465"]
[EventDate "2013.07.19"]

1. e4 c5 2. Nc3 Nc6 3. g3 g6 4. Bg2 Bg7 5. d3 d6 6. f4 e6 7. Nf3 Nge7 8. O-O O-O
9. Be3 b6 10. d4 d5 11. exd5 Nf5 12. Bf2 Ncxd4 13. Ne5 exd5 14. Nxd5 Be6 15. c4
Rc8 16. b4 b5 17. g4 bxc4 18. Nc3 Ne7 19. bxc5 Nec6 20. Nxc6 Nxc6 21. Rc1 Qxd1
22. Rfxd1 Bxg4 23. Rd6 Nb4 24. Nd5 Nxd5 25. Bxd5 c3 26. Bb7 Rcd8 27. Bh4 Rxd6
28. cxd6 Bf5 29. Bc6 c2 30. d7 Bd4+ 31. Kg2 Be3 32. Rxc2 Bxc2 33. d8=Q Rxd8 34.
Bxd8 Bxf4 35. Bf6 Bd3 36. a4 a6 37. h4 Bh6 38. Kf3 Bg7 39. Be7 Bd4 40. Bd5 Kg7
41. Bd6 h6 42. Bb7 g5 43. hxg5 hxg5 44. Bc6 f5 45. Bc7 Kh6 46. Be8 Be4+ 47. Kg3
Bc3 0-1

[Event "Czech Open A 2013"]
[Site "Pardubice CZE"]
[Date "2013.07.22"]
[Round "4.37"]
[White "Krensing,J"]
[Black "Malinovsky,K"]
[Result "1/2-1/2"]
[WhiteElo "2325"]
[BlackElo "2462"]
[EventDate "2013.07.19"]

1. c4 e6 2. Nc3 d5 3. d4 c5 4. cxd5 exd5 5. Nf3 Nc6 6. g3 Nf6 7. Bg2 Be7 8. O-O
O-O 9. Bg5 cxd4 10. Nxd4 h6 11. Be3 Re8 12. Qa4 Bd7 13. Nxd5 Nxd5 14. Bxd5 Nb4
15. Qb3 Nxd5 16. Qxd5 Bf6 17. Rfd1 Bg4 18. Qxb7 Re7 19. Qb3 Qe8 20. Rac1 Rd8 21.
Rd2 Bxd4 22. Bxd4 Bxe2 23. Re1 Bf3 24. Rxe7 Qxe7 25. Qe3 Qb7 26. Bc3 Rxd2 27.
Qxd2 Qe4 28. Qe1 Qf5 29. a3 f6 30. Qe3 a6 31. Qe1 h5 32. Qe3 h4 33. Qe1 Kh7 34.
Qe3 h3 35. Qe1 Qd5 36. Qd2 Qb5 37. Qe3 Bg2 38. Qe1 Qb7 39. Qd1 Bf3 40. Qd3+ Be4
41. Qf1 Bg2 42. Qd3+ Kg8 43. Qc4+ Kh7 44. Qd3+ Be4 45. Qf1 Bg2 46. Qd3+ 1/2-1/2

[Event "Czech Open A 2013"]
[Site "Pardubice CZE"]
[Date "2013.07.22"]
[Round "4.38"]
[White "Potapov,P"]
[Black "Kislik,E"]
[Result "1-0"]
[WhiteElo "2460"]
[BlackElo "2345"]
[EventDate "2013.07.19"]

1. e4 c5 2. c3 d5 3. exd5 Qxd5 4. d4 Nf6 5. Nf3 Nc6 6. Be3 e5 7. dxc5 Qxd1+ 8.
Kxd1 Bg4 9. Nd2 Nd5 10. Nb3 e4 11. h3 Nxe3+ 12. fxe3 Bxf3+ 13. gxf3 exf3 14. Kc2
O-O-O 15. Bd3 Re8 16. Rae1 Re5 17. Rhf1 Bxc5 18. Rxf3 f6 19. Rg1 Bf8 20. Nd4
Nxd4+ 21. exd4 Re7 22. h4 Rc7 23. h5 Kd8 24. Rf5 h6 25. Rd5+ Rd7 26. Rxd7+ Kxd7
27. Bf5+ Kd8 28. Kd3 b6 29. a3 a5 30. b4 axb4 31. axb4 Kc7 32. Ra1 b5 33. Ra8 1-0

[Event "Czech Open A 2013"]
[Site "Pardubice CZE"]
[Date "2013.07.22"]
[Round "4.39"]
[White "Smith,Bry"]
[Black "Stromboli,E"]
[Result "1-0"]
[WhiteElo "2456"]
[BlackElo "2335"]
[EventDate "2013.07.19"]

1. e4 e6 2. d3 d5 3. Qe2 Nf6 4. e5 Nfd7 5. f4 c5 6. Nf3 Nc6 7. g3 Be7 8. Bg2 O-O
9. c4 dxc4 10. dxc4 Nd4 11. Nxd4 cxd4 12. O-O Nc5 13. Nd2 Bd7 14. Ne4 Bc6 15.
Nxc5 Bxc5 16. Qd3 Qd7 17. Bd2 a5 18. h4 Rfb8 19. b3 b5 20. Bxc6 Qxc6 21. Rac1
Ba3 22. cxb5 Qd7 23. Rc6 a4 24. Rb1 Be7 25. Ra6 axb3 26. Rxb3 Bc5 27. Rxa8 Rxa8
28. b6 Rb8 29. Qb5 Qd5 30. Bb4 Bxb6 31. Qxd5 d3+ 32. Bc5 exd5 33. Kf1 Bc7 34.
Rxb8+ Bxb8 35. Ke1 h6 36. h5 g6 37. hxg6 fxg6 38. Kd2 Kf7 39. Kxd3 Ke6 40. Bb6
g5 41. fxg5 hxg5 42. Bd4 Kf5 43. a4 Bc7 44. Bc3 g4 45. a5 d4 46. a6 1-0

[Event "Czech Open A 2013"]
[Site "Pardubice CZE"]
[Date "2013.07.22"]
[Round "4.40"]
[White "Vokac,M"]
[Black "Konguvel,P"]
[Result "1-0"]
[WhiteElo "2450"]
[BlackElo "2319"]
[EventDate "2013.07.19"]

1. Nf3 g6 2. c4 Bg7 3. Nc3 c5 4. g3 Nc6 5. Bg2 e6 6. O-O Nge7 7. d3 O-O 8. Bd2
d5 9. a3 b6 10. Rb1 Bb7 11. b4 dxc4 12. dxc4 cxb4 13. axb4 Rc8 14. Nb5 Ba8 15.
Bg5 h6 16. Qb3 hxg5 17. Rbd1 Nd4 18. Nfxd4 Bxg2 19. Kxg2 Qd7 20. Kg1 e5 21. Nf3
Qg4 22. Nd6 Rc7 23. c5 bxc5 24. bxc5 Rxc5 25. h3 Qh5 26. Nxg5 Qxe2 27. Ngxf7 Nf5
28. Ng5+ Kh8 29. Ndf7+ Rxf7 30. Qxf7 1-0

[Event "Czech Open A 2013"]
[Site "Pardubice CZE"]
[Date "2013.07.22"]
[Round "4.41"]
[White "Migot,T"]
[Black "Jansa,Vl"]
[Result "0-1"]
[WhiteElo "2331"]
[BlackElo "2442"]
[EventDate "2013.07.19"]

1. d4 Nf6 2. Nf3 g6 3. Bg5 Bg7 4. c3 O-O 5. Nbd2 d5 6. e3 Nbd7 7. Bd3 Re8 8. O-O
e5 9. e4 exd4 10. cxd4 dxe4 11. Nxe4 h6 12. Qb3 Re6 13. Bh4 Qf8 14. Rfe1 Nxe4
15. Bxe4 Rb6 16. Qc4 g5 17. Bg3 c6 18. Bg6 c5 19. Bc2 Nf6 20. Be5 Be6 21. Qc3
Rc8 22. Rad1 c4 23. Bb1 Qb4 24. Bxf6 Qxc3 25. bxc3 Bxf6 26. Ne5 Rd8 27. Re2 Kg7
28. f3 Bxe5 29. Rxe5 Rd5 30. Re2 Rdb5 31. Be4 Rb2 32. Rxb2 Rxb2 33. d5 Bd7 34.
d6 b5 35. g4 Kf8 36. Bf5 Ke8 37. Re1+ Kd8 38. Rb1 Rxb1+ 39. Bxb1 Be6 40. Kf2 Kd7
41. Ke3 Kxd6 42. a3 Ke5 43. Be4 Bd5 44. Bc2 Bc6 45. Bd1 Kd5 46. f4 Kc5 47. f5 a5
48. f6 Bd7 49. h3 Kd5 50. Bf3+ Ke5 51. Bb7 Kxf6 52. Kd4 Kg6 53. Ke5 f5 54. Bf3
h5 55. gxh5+ Kh6 56. Kd6 g4 57. hxg4 fxg4 58. Be2 g3 59. Bf3 Bg4 60. Bg2 b4 61.
axb4 axb4 62. cxb4 c3 63. b5 c2 0-1

[Event "Czech Open A 2013"]
[Site "Pardubice CZE"]
[Date "2013.07.22"]
[Round "4.42"]
[White "Malakhov,I"]
[Black "Battey,A"]
[Result "1/2-1/2"]
[WhiteElo "2442"]
[BlackElo "2304"]
[EventDate "2013.07.19"]

1. c4 e5 2. Nc3 Nf6 3. Nf3 Nc6 4. e3 Bb4 5. Qc2 Bxc3 6. Qxc3 d6 7. d3 O-O 8. Be2
Bg4 9. h3 Bh5 10. g4 Bg6 11. e4 Nd7 12. Be3 f6 13. h4 Nc5 14. h5 Be8 15. O-O-O
Ne6 16. d4 exd4 17. Nxd4 Ncxd4 18. Bxd4 Nxd4 19. Qxd4 Qe7 20. f3 Qe5 21. Qxe5
dxe5 22. c5 Kf7 23. Rd2 Ke7 24. Rhd1 Ba4 25. b3 Bc6 26. h6 g6 27. Bc4 a5 28. Kc2
Rac8 29. Kc3 Ra8 30. Rd3 Rac8 31. R1d2 Ra8 32. a4 Rab8 33. Rd1 Rfc8 34. Bd5 Rd8
35. Kc4 Bd7 36. Kc3 Bc6 37. R1d2 Rd7 38. b4 Bxa4 39. bxa5 Bb5 40. Bc4 Rxd3+ 41.
Rxd3 Bxc4 42. Kxc4 Ra8 43. Ra3 c6 44. Rb3 Ra7 45. Kb4 g5 46. Rd3 Ra8 47. Ka4 Ra7
48. Rb3 Kd7 49. Rd3+ Ke7 50. Rd2 Ke8 51. Rd3 Ke7 52. Rd2 1/2-1/2

[Event "Czech Open A 2013"]
[Site "Pardubice CZE"]
[Date "2013.07.22"]
[Round "4.43"]
[White "Sergeev,Vl"]
[Black "Kireev,Al"]
[Result "1/2-1/2"]
[WhiteElo "2436"]
[BlackElo "2310"]
[EventDate "2013.07.19"]

1. d4 d6 2. Nf3 g6 3. Bg5 Nd7 4. c3 f6 5. Bh4 e5 6. e3 Qe7 7. Qc2 Nh6 8. Bd3 Bg7
9. Nbd2 Nb6 10. dxe5 dxe5 11. e4 Nf7 12. a4 a5 13. Nc4 Nxc4 14. Bxc4 Nd6 15. Bb3
Be6 16. Nd2 Qf7 17. Bxe6 Qxe6 18. f3 Bh6 19. Bf2 Kf7 20. O-O Rhd8 21. Rfd1 Ke8
22. Nf1 Nf7 23. c4 Rxd1 24. Rxd1 Nd6 25. b3 Nf7 26. c5 Qa6 27. h3 Rd8 28. Rd5 c6
29. Rd1 Rxd1 30. Qxd1 Bf8 31. Qd2 Nd8 32. f4 exf4 33. Qxf4 Qd3 34. Qxf6 Qxe4 35.
Nd2 Qd5 36. Nc4 Bxc5 37. Qh8+ Ke7 38. Bxc5+ Qxc5+ 39. Kh1 Qf2 40. Qe5+ Kd7 41.
Nxa5 Nf7 42. Qa1 Nd6 43. Qg7+ Ke6 44. Nxb7 Nxb7 45. Qxb7 Qe1+ 46. Kh2 Qe5+ 1/2-1/2

[Event "Czech Open A 2013"]
[Site "Pardubice CZE"]
[Date "2013.07.22"]
[Round "4.44"]
[White "Belyakov,B"]
[Black "Vlasak,Lu"]
[Result "1/2-1/2"]
[WhiteElo "2430"]
[BlackElo "2296"]
[EventDate "2013.07.19"]

1. d4 Nf6 2. Bg5 e6 3. e4 h6 4. Bxf6 Qxf6 5. Nf3 d6 6. Nc3 Nc6 7. Bb5 Bd7 8. d5
exd5 9. Nxd5 Qd8 10. Qd2 a6 11. Ba4 Be7 12. Nd4 O-O 13. Bb3 Bf6 14. Nxc6 Bxc6
15. c3 Bxd5 16. Qxd5 c6 17. Qd3 d5 18. O-O-O dxe4 19. Qxe4 Qc7 20. f4 Rad8 21.
g3 Qe7 22. Qf5 Rxd1+ 23. Rxd1 Rd8 24. Rxd8+ Qxd8 25. a4 a5 26. h4 Qc7 27. Kb1
Bd8 28. g4 Kf8 29. h5 Qe7 30. g5 Ke8 31. Qh7 Qf8 32. Qf5 Qe7 33. Ka2 Bc7 34. Bc4
Bd8 35. Bb3 Bc7 36. Qg4 Bd8 37. g6 fxg6 38. hxg6 Bb6 39. Qc8+ Bd8 40. Bf7+ Kf8
41. Bc4 Ke8 42. Bf7+ Kf8 43. Bb3 Ke8 44. f5 Kf8 45. Bd1 Ke8 46. Bg4 Kf8 47. Bh5
Ke8 48. Qb8 Qc7 49. Qa7 Bf6 50. Bf3 Kd7 51. Qa8 Bd8 52. Bg4 Ke7 53. Qa7 Qb6 1/2-1/2

[Event "Czech Open A 2013"]
[Site "Pardubice CZE"]
[Date "2013.07.22"]
[Round "4.89"]
[White "Le Ruyet,L"]
[Black "Becker,Mat2"]
[Result "1-0"]
[WhiteElo "2273"]
[BlackElo "2165"]
[EventDate "2013.07.19"]

1. e4 e6 2. d4 d5 3. Nc3 Bb4 4. exd5 exd5 5. Bd3 Nf6 6. Ne2 O-O 7. O-O Re8 8.
Bg5 c6 9. Ng3 h6 10. Bf4 Nbd7 11. Qf3 Nf8 12. Be5 Be7 13. Nce2 Bg4 14. Qf4 Bxe2
15. Nxe2 Ng6 16. Qf5 Qc8 17. Qxc8 Raxc8 18. Bf5 Ra8 19. Bxg6 fxg6 20. Nf4 Kf7
21. Rfe1 Nd7 22. Nd3 Bf6 23. f4 b6 24. b4 a5 25. a4 axb4 26. Nxb4 Rec8 27. c3
Nxe5 28. fxe5 Bg5 29. Re2 Ke6 30. Nd3 h5 31. Rb2 Ra6 32. Rab1 Rxa4 33. Rxb6 Be3+
34. Kh1 Rc4 35. Nc5+ Kf5 36. Rf1+ Kg5 37. Rb3 Bd2 38. e6 Bxc3 39. e7 Bxd4 40.
Ne6+ Kh6 41. Nd8 Bf6 42. e8=Q Rxd8 43. Qe3+ Bg5 44. Qd3 Re8 45. Qb1 c5 46. Rb8
Rxb8 47. Qxb8 Bf6 48. g3 d4 49. h4 Kh7 50. Ra1 Rb4 51. Qf8 d3 52. Rd1 Bxh4 53.
Qxc5 Rg4 1-0

[Event "Czech Open A 2013"]
[Site "Pardubice CZE"]
[Date "2013.07.23"]
[Round "5.2"]
[White "Nisipeanu,LD"]
[Black "Mozharov,M"]
[Result "1-0"]
[WhiteElo "2670"]
[BlackElo "2495"]
[EventDate "2013.07.19"]

1. e4 c5 2. Nf3 e6 3. d4 cxd4 4. Nxd4 a6 5. Bd3 Bc5 6. Nb3 Ba7 7. c4 d6 8. Nc3
Nc6 9. Qe2 Nf6 10. Be3 b6 11. f4 Bb7 12. O-O O-O 13. Rad1 Qc7 14. Kh1 Rfe8 15.
Rf3 g6 16. Rh3 Nd7 17. Qf2 f5 18. exf5 gxf5 19. Qg3+ Kh8 20. Nd5 Qd8 21. Nd4 Rg8
22. Rxh7+ Kxh7 23. Qh3+ Kg6 24. Nxe6 1-0

[Event "Czech Open A 2013"]
[Site "Pardubice CZE"]
[Date "2013.07.23"]
[Round "5.3"]
[White "Debashis,D"]
[Black "Kononenko,Dmitry1"]
[Result "1/2-1/2"]
[WhiteElo "2478"]
[BlackElo "2610"]
[EventDate "2013.07.19"]

1. d4 Nf6 2. c4 e6 3. Nc3 Bb4 4. e3 c5 5. Nf3 b6 6. Bd3 Bb7 7. O-O O-O 8. Na4
Qe7 9. a3 Ba5 10. b3 d5 11. Bb2 Nbd7 12. Rc1 Rfc8 13. Qe2 dxc4 14. bxc4 Rd8 15.
Rfd1 Rac8 16. Nc3 Nf8 17. Ne5 Ng6 18. Nxg6 hxg6 19. Bb1 Rd7 20. f3 Bxc3 21. Rxc3
Qd8 22. Rcc1 Ba6 23. Bd3 Ne8 24. d5 exd5 25. cxd5 c4 26. Rxc4 Rxd5 27. Rxc8 Qxc8
28. Bxa6 Rxd1+ 29. Qxd1 Qxa6 30. Qd7 Qe2 31. Qxe8+ Kh7 32. h3 1/2-1/2

[Event "Czech Open A 2013"]
[Site "Pardubice CZE"]
[Date "2013.07.23"]
[Round "5.4"]
[White "Michalik,P"]
[Black "Gutman,G"]
[Result "1-0"]
[WhiteElo "2579"]
[BlackElo "2477"]
[EventDate "2013.07.19"]

1. d4 Nf6 2. c4 e6 3. Nf3 Bb4+ 4. Bd2 Qe7 5. g3 Nc6 6. Nc3 Bxc3 7. Bxc3 Ne4 8.
Rc1 d6 9. d5 Nxc3 10. Rxc3 Nd8 11. Bg2 O-O 12. O-O e5 13. Nd2 f5 14. c5 Nf7 15.
cxd6 cxd6 16. Qb3 b6 17. Qa3 Bb7 18. f4 e4 19. Nb3 Bxd5 20. Nd4 Qd7 21. Rfc1
Rfc8 22. e3 a5 23. Bf1 Rc5 24. Bb5 Qc8 25. Qa4 Ra7 26. Nb3 Bxb3 27. Qxb3 g6 28.
Bc4 Qd8 29. Bd5 Kg7 30. Rd1 Rac7 31. Rxc5 bxc5 32. Qc3+ Qf6 33. Qxa5 Re7 34. Qb6
Nh6 35. Bc4 d5 36. Qxf6+ Kxf6 37. Rxd5 Ng4 38. Rxc5 Nxe3 39. Be2 Rd7 40. Kf2
Nd1+ 41. Bxd1 Rxd1 42. Rc6+ Kg7 43. Rc2 Kh6 44. a4 Ra1 45. b3 g5 46. Rc5 gxf4
47. gxf4 Rb1 48. Rb5 Kh5 49. Kg3 Rg1+ 50. Kh3 Kg6 51. a5 Rf1 52. a6 Ra1 53. Rb6+
Kf7 54. Kg3 Rg1+ 55. Kf2 Rh1 56. Kg2 Ra1 57. Rb7+ Kg6 58. a7 Ra2+ 59. Kg3 h6 60.
b4 Ra3+ 61. Kh4 e3 62. Kg3 1-0

[Event "Czech Open A 2013"]
[Site "Pardubice CZE"]
[Date "2013.07.23"]
[Round "5.5"]
[White "Lalith,B"]
[Black "Dourerassou,J"]
[Result "0-1"]
[WhiteElo "2571"]
[BlackElo "2476"]
[EventDate "2013.07.19"]

1. d4 Nf6 2. c4 g6 3. Nc3 d5 4. Nf3 Bg7 5. Qb3 dxc4 6. Qxc4 O-O 7. e4 a6 8. e5
b5 9. Qb3 Nfd7 10. Ng5 Nb6 11. Be3 Nc6 12. Rd1 Na5 13. Qc2 Nac4 14. Bd3 Bg4 15.
Rc1 c5 16. dxc5 Nxe3 17. fxe3 Nd5 18. Be4 Nb4 19. Qf2 Nd3+ 20. Bxd3 Qxd3 21. h3
Be6 22. Nf3 Rac8 23. b4 Bc4 24. Qd2 Qf5 25. e4 Qe6 26. Qf4 Rcd8 27. a3 f6 28.
Qh4 Rd3 29. O-O Rfd8 30. exf6 exf6 31. Rfe1 h6 32. Nd5 g5 33. Qg3 f5 34. Nc7 Qf7
35. exf5 Qxf5 36. Ne8 Bb2 37. Rb1 Bc3 38. Qc7 R3d7 39. Qc6 Bxe1 40. Nf6+ Kf7 41.
Ng4 Bf2+ 42. Kxf2 Rd2+ 43. Kg1 Qxb1+ 44. Kh2 Be6 45. Nfe5+ Ke7 46. Qb7+ Kf8 0-1

[Event "Czech Open A 2013"]
[Site "Pardubice CZE"]
[Date "2013.07.23"]
[Round "5.6"]
[White "Teske,H"]
[Black "Narayanan,Sri"]
[Result "1/2-1/2"]
[WhiteElo "2517"]
[BlackElo "2475"]
[EventDate "2013.07.19"]

1. Nf3 c5 2. e4 d6 3. Nc3 Nf6 4. e5 dxe5 5. Nxe5 e6 6. Bb5+ Nbd7 7. d4 Be7 8.
Be3 O-O 9. O-O Qc7 10. Nxd7 Bxd7 11. Bxd7 cxd4 12. Qxd4 1/2-1/2

[Event "Czech Open A 2013"]
[Site "Pardubice CZE"]
[Date "2013.07.23"]
[Round "5.7"]
[White "Chernyshov,K"]
[Black "Simantsev,M"]
[Result "1/2-1/2"]
[WhiteElo "2514"]
[BlackElo "2473"]
[EventDate "2013.07.19"]

1. Nc3 c5 2. Nf3 e6 3. d4 cxd4 4. Nxd4 a6 5. g3 Qc7 6. Bg2 d6 7. O-O Bd7 8. f4
Nc6 9. f5 Nf6 10. fxe6 fxe6 11. Bh3 Nxd4 12. Qxd4 Be7 13. Qe3 d5 14. Qd3 Rc8 15.
Be3 O-O 16. Bd4 Bc5 17. Bxc5 Qxc5+ 18. e3 b5 19. a3 a5 20. Qd4 Qd6 21. Qd3 Qc5
22. Qd4 b4 23. axb4 axb4 24. Na2 Qxd4 25. exd4 Rc4 26. Rfd1 Rb8 27. Rac1 Kf7 28.
c3 bxc3 29. bxc3 Ne4 30. Bg2 Rb2 31. Bxe4 dxe4 32. Rf1+ Ke7 33. Rf2 Rb3 34. Re2
Bc6 35. Kf2 Bd5 36. Ke1 g5 37. Kd2 Ra4 38. Nb4 Kd6 39. Kc2 Raa3 40. Kd2 Ra7 1/2-1/2

[Event "Czech Open A 2013"]
[Site "Pardubice CZE"]
[Date "2013.07.23"]
[Round "5.8"]
[White "Rojicek,V"]
[Black "Shyam,SM"]
[Result "0-1"]
[WhiteElo "2413"]
[BlackElo "2505"]
[EventDate "2013.07.19"]

1. d4 Nf6 2. c4 g6 3. Nc3 Bg7 4. e4 d6 5. Nf3 O-O 6. Be2 e5 7. O-O Nc6 8. d5 Ne7
9. b4 c6 10. a4 a5 11. bxa5 c5 12. Nd2 Rxa5 13. Nb3 Ra6 14. a5 Nd7 15. Bd2 f5
16. f3 f4 17. Na4 g5 18. g4 h5 19. h3 Kf7 20. Nb6 Nxb6 21. axb6 Qxb6 22. Rxa6
Qxa6 23. Qa1 Qb6 24. Rb1 hxg4 25. hxg4 Qd8 26. Qa7 Rh8 27. Bf1 Qg8 28. Bg2 Qh7
29. Na5 Qh2+ 30. Kf1 Rh3 31. Rxb7 Bxb7 32. Nxb7 Rg3 33. Nxd6+ Kg6 34. Qxe7 Qxg2+
35. Ke1 Qh1+ 0-1

[Event "Czech Open A 2013"]
[Site "Pardubice CZE"]
[Date "2013.07.23"]
[Round "5.9"]
[White "Vorobiov,E"]
[Black "Kovalev,An"]
[Result "1/2-1/2"]
[WhiteElo "2585"]
[BlackElo "2470"]
[EventDate "2013.07.19"]

1. d4 Nf6 2. c4 g6 3. g3 c6 4. Nf3 Bg7 5. Bg2 d5 6. b3 Ne4 7. O-O O-O 8. Bb2 Be6
9. Nbd2 Nxd2 10. Qxd2 h6 11. cxd5 cxd5 12. Ne5 Nd7 13. Qb4 Nxe5 14. dxe5 Qd7 15.
Rfd1 a5 16. Qd4 Rfd8 17. a4 b5 18. Rac1 Qb7 19. Rc5 bxa4 20. bxa4 Qb4 21. Qxb4
axb4 22. a5 Kf8 23. Bxd5 Bxd5 24. Rcxd5 Rdb8 25. Rc5 Ke8 26. f4 e6 27. Ra1 Bf8
28. Rc7 Ra6 29. Kg2 Be7 30. Bd4 Bd8 31. Rc5 Be7 32. Rc4 Bd8 33. Ra4 Bxa5 34. Rc5
b3 35. Raxa5 Rxa5 36. Rxa5 b2 37. Bxb2 Rxb2 38. Ra8+ Ke7 39. Kf3 h5 40. h3 Rb3+
41. e3 Rb1 42. g4 hxg4+ 43. hxg4 Rf1+ 44. Kg3 Re1 45. Kf2 Rb1 46. Ra7+ Kf8 47.
Ke2 Rb3 48. Kd2 Rb2+ 49. Kc3 Rg2 50. g5 Re2 51. Kd3 Re1 52. Ra3 Ke7 53. Kd4 Rc1
54. Rc3 Rd1+ 55. Kc5 Kd7 56. Kc4 Ke7 57. Kb5 Kd7 58. Rb3 Rc1 59. Kb6 Rc6+ 60.
Ka7 Rc2 1/2-1/2

[Event "Czech Open A 2013"]
[Site "Pardubice CZE"]
[Date "2013.07.23"]
[Round "5.10"]
[White "Richter,Mic"]
[Black "Babula,V"]
[Result "1/2-1/2"]
[WhiteElo "2470"]
[BlackElo "2583"]
[EventDate "2013.07.19"]

1. d4 Nf6 2. c4 e6 3. Nc3 Bb4 4. f3 c5 5. d5 O-O 6. e4 d6 7. Ne2 b5 8. Nf4 a6 9.
Be2 exd5 10. cxd5 Nbd7 11. O-O Ne5 12. Kh1 Bd7 13. Nd3 Nxd3 14. Qxd3 h6 15. g4
Nh7 16. Nd1 Re8 17. Ne3 c4 18. Qd1 Bc5 19. Qe1 Qb6 20. Nf5 Bxf5 21. gxf5 Be3 22.
Qg3 Kh8 23. Bxe3 Qxe3 24. Rg1 Rg8 25. Rg2 Rad8 26. Rag1 Qd4 27. Bd1 Qe5 28. Qf2
Nf6 29. Qh4 Rde8 30. a3 1/2-1/2

[Event "Czech Open A 2013"]
[Site "Pardubice CZE"]
[Date "2013.07.23"]
[Round "5.11"]
[White "Fernando,D"]
[Black "Bernasek,J"]
[Result "1-0"]
[WhiteElo "2465"]
[BlackElo "2551"]
[EventDate "2013.07.19"]

1. e4 c5 2. Nc3 d6 3. Nf3 Nf6 4. d4 cxd4 5. Nxd4 a6 6. Be3 e5 7. Nf3 Be7 8. Bc4
O-O 9. O-O h6 10. Bb3 Be6 11. Qe2 Qc7 12. Rfd1 Nbd7 13. Nh4 Rfe8 14. Nf5 Bf8 15.
f3 Nb6 16. Bxb6 Qxb6+ 17. Ne3 Rac8 18. Kh1 h5 19. Ncd5 Nxd5 20. Nxd5 Qa5 21. Rd3
Rc6 22. Rad1 Be7 23. Qe3 Qc5 24. Qd2 Bd8 25. Ba4 Bd7 26. b4 Qa7 27. Bxc6 bxc6
28. Ne3 Bg5 29. Rxd6 Be6 30. Re1 Bxa2 31. Qc3 Be6 32. Rxc6 Rd8 33. Rc5 Be7 34.
Rc7 Bxb4 35. Rxa7 Bxc3 36. Rd1 Rc8 37. Nd5 Bxd5 38. exd5 Bd4 39. Rxa6 Rxc2 40.
Ra8+ Kh7 41. d6 h4 42. h3 1-0

[Event "Czech Open A 2013"]
[Site "Pardubice CZE"]
[Date "2013.07.23"]
[Round "5.12"]
[White "Potapov,P"]
[Black "Gonda,L"]
[Result "1/2-1/2"]
[WhiteElo "2460"]
[BlackElo "2538"]
[EventDate "2013.07.19"]

1. e4 e5 2. Nf3 Nc6 3. Nc3 Nf6 4. d4 Bb4 5. Nxe5 Qe7 6. Nxc6 Qxe4+ 7. Qe2 dxc6
8. Bd2 Qxe2+ 9. Bxe2 Bf5 10. O-O-O O-O 11. a3 Bd6 12. f3 Rfe8 13. g3 c5 14. dxc5
Bxc5 15. Bc4 c6 16. Rhe1 h5 17. Bg5 Rxe1 18. Rxe1 Re8 19. Rxe8+ Nxe8 20. Ne2 Kf8
21. Bd2 Nd6 22. Bb3 Ke7 23. Bb4 Be3+ 24. Bd2 Bf2 25. Bf4 Be6 26. Bxe6 Kxe6 27.
b3 Nb5 28. a4 Nd4 29. Nxd4+ Bxd4 30. Kd2 Bg1 31. g4 hxg4 32. fxg4 f5 33. h3 fxg4 1/2-1/2

[Event "Czech Open A 2013"]
[Site "Pardubice CZE"]
[Date "2013.07.23"]
[Round "5.13"]
[White "Lintchevski,D"]
[Black "Smith,Bry"]
[Result "1/2-1/2"]
[WhiteElo "2529"]
[BlackElo "2456"]
[EventDate "2013.07.19"]

1. Nf3 c5 2. e4 d6 3. d4 cxd4 4. Nxd4 Nf6 5. Nc3 a6 6. Be2 Nbd7 7. Be3 g6 8. O-O
Bg7 9. f3 O-O 10. Nd5 e6 11. Nxf6+ Bxf6 12. Qd2 b6 13. c4 Bb7 14. Rad1 Qc7 15.
Nb3 Be7 16. Bg5 Bxg5 17. Qxg5 Rad8 18. Rd2 Nc5 19. Rfd1 f6 20. Qh4 Nxb3 21. axb3
a5 22. Qf2 Rf7 23. h4 Rfd7 24. Qe3 1/2-1/2

[Event "Czech Open A 2013"]
[Site "Pardubice CZE"]
[Date "2013.07.23"]
[Round "5.15"]
[White "Stefansson,H"]
[Black "Vokac,M"]
[Result "1/2-1/2"]
[WhiteElo "2522"]
[BlackElo "2450"]
[EventDate "2013.07.19"]

1. e4 e5 2. Nf3 Nc6 3. Bb5 a6 4. Ba4 Nf6 5. O-O Be7 6. Re1 b5 7. Bb3 d6 8. c3
O-O 9. h3 h6 10. d4 Re8 11. Nbd2 Bf8 12. Nf1 Bb7 13. Ng3 Na5 14. Bc2 Nc4 15. b3
Nb6 16. a4 bxa4 17. bxa4 a5 18. Bd3 Ba6 19. Bxa6 Rxa6 20. dxe5 dxe5 21. Qxd8
Rxd8 22. Nxe5 Re8 23. Nf3 Nc4 24. Bf4 g5 25. Bxc7 Rc6 26. e5 Nd5 27. Bd6 Nxd6
28. exd6 Rxe1+ 29. Rxe1 Rxd6 30. c4 Nc3 31. Re8 Nxa4 32. Nf5 Re6 33. Rd8 Nc5 34.
N3d4 Re1+ 35. Kh2 Ne6 36. Nxh6+ Kg7 37. Nhf5+ Kg8 38. Ra8 Nxd4 39. Nxd4 Re4 40.
Nf3 f6 41. c5 Rc4 42. c6 Kf7 43. Rxa5 Rxc6 44. Nd4 Rc4 45. Nf5 Bc5 46. Rb5 Ke6
47. Ng7+ Ke5 48. Rb2 f5 49. g3 Kf6 50. Ne8+ Kf7 51. Nc7 1/2-1/2

[Event "Czech Open A 2013"]
[Site "Pardubice CZE"]
[Date "2013.07.23"]
[Round "5.16"]
[White "Yagupov,I"]
[Black "Krejci,Jan2"]
[Result "1-0"]
[WhiteElo "2389"]
[BlackElo "2521"]
[EventDate "2013.07.19"]

1. e4 c5 2. Nf3 e6 3. d4 cxd4 4. Nxd4 Nc6 5. Nc3 Qc7 6. Be3 a6 7. Qd2 Nf6 8.
O-O-O Be7 9. f3 h5 10. Nxc6 dxc6 11. Qf2 c5 12. Qg3 Qxg3 13. hxg3 b5 14. g4 Bb7
15. a4 b4 16. Nb1 g6 17. Nd2 O-O-O 18. gxh5 Nxh5 19. Rh3 Kc7 20. g4 Nf6 21. Bf4+
Kc8 22. Rxh8 Rxh8 23. Nc4 Nd7 24. Nd6+ Bxd6 25. Bxd6 f5 26. Bc4 Re8 27. a5 fxe4
28. fxe4 e5 29. Bf7 Rh8 30. Bxg6 Bc6 31. Bf5 Kb7 32. g5 b3 33. cxb3 Rh4 34. g6
Bxe4 35. Be7 1-0